| 000 | 01088nam a2200301 i 4500 | ||
|---|---|---|---|
| 003 | DO-SdBNP | ||
| 005 | 20260115091555.0 | ||
| 007 | ta | ||
| 008 | 240212b2006 dr ||||| |||| 00| 0 spa d | ||
| 020 | _a9945854712 | ||
| 040 |
_aDO-SdBNP _bspa _cBNPHU _erda |
||
| 041 | _aspa | ||
| 082 | 4 |
_axxx _bxxx _222 |
|
| 100 | 1 |
_aHidalgo, Saulo, _eautor _4aut. _9386 |
|
| 245 | 1 | 0 |
_aHacia dónde voy en la vida? : _bhay otra oportunidad para usted / _cSaulo Hidalgo : colaboradora, Marisol Castillo ; corrección Míriam Gutiérrez ; prólogo, Nicolás de Jesús López Rodríguez |
| 250 | _aSegunda edición | ||
| 264 | 1 |
_aSanto Domingo : _bTele 3, _c2006. |
|
| 300 |
_a265 páginas ; _e22 cm. |
||
| 336 |
_atexto _btxt _2rdacontent |
||
| 337 |
_asin mediación _bn _2rdamedia |
||
| 338 |
_avolumen _bnc _2rdacarrier |
||
| 590 | _aInventariado, 2024/BT | ||
| 700 | 1 |
_aCastillo, Marisol, _ecolaborador _4col. _984903 |
|
| 700 | 1 |
_aGutiérrez, Míriam, _ecorrector _4col. |
|
| 700 | 1 |
_a López Rodríguez, Nicolás de Jesús, _d1936- _eprologuista _4pr. _9670 |
|
| 910 | _aBtavárez | ||
| 942 |
_2ddc _cLBS1 |
||
| 999 |
_c55922 _d55922 |
||